Countries Closest to Alaska - One Minute Sprint - Statistics

General Stats
  • This quiz has been taken 219 times
  • The average score is 11 of 20
Answer Stats
km country miles % Correct
0 Canada 0
98%
44 Russia 28
96%
2195 Japan 1364
89%
2677 China 1663
87%
2689 Mexico 1671
81%
3291 North Korea 2045
80%
3703 South Korea 2301
80%
3740 Mongolia 2324
66%
5200 Taiwan 3231
53%
4163 Iceland 2587
49%
5169 United Kingdom 3212
49%
4170 Norway 2591
42%
5226 Cuba 3247
37%
4289 Finland 2665
37%
4407 Sweden 2739
37%
2135 Greenland 1327
33%
5165 Bahamas 3209
29%
5251 Fed States of Micronesia 3263
15%
4644 Marshall Islands 2886
13%
4907 Faroe Islands 3049
8%
No matching quizzes found
Score Distribution
Percent of People with Each Score
Percentile by Number Answered
Your Score History
You have not taken this quiz